Emil Nolde, Emil Schumacher : (Registro nro. 10254)

Detalles MARC
000 -LEADER
campo de control de longitud fija 02449cam a22005534i 4500
003 - IDENTIFICADOR DE NÚMERO DE CONTROL
campo de control PE-LiUPU
005 - FECHA Y HORA DE LA ÚLTIMA TRANSACCIÓN
campo de control 20250731183349.0
008 - DATOS DE LONGITUD FIJA--INFORMACIÓN GENERAL
campo de control de longitud fija 101221s2010 gw a rbc 000 0cger d
020 ## - NÚMERO INTERNACIONAL ESTÁNDAR DEL LIBRO
Número Internacional Estándar del Libro 3832193510
020 ## - NÚMERO INTERNACIONAL ESTÁNDAR DEL LIBRO
Número Internacional Estándar del Libro 9783832193515
035 ## - NÚMERO DE CONTROL DEL SISTEMA
Número de control de sistema (Sirsi) i9783832193515
040 ## - FUENTE DE CATALOGACIÓN
Centro catalogador/agencia de origen BTCTA
Lengua de catalogación spa
Centro/agencia transcriptor BTCTA
Centro/agencia modificador YDXCP
-- ERASA
-- OHX
-- NGA
-- MZA
-- BWX
-- ORX
-- DLC
-- OCLCA
-- OCLCQ
-- OCLCF
-- PE-LiUPU
Normas de descripción rda
041 0# - CÓDIGO DE IDIOMA
Código de lengua del texto/banda sonora o título independiente ger
-- eng
050 #4 - SIGNATURA TOPOGRÁFICA DE LA BIBLIOTECA DEL CONGRESO
Número de clasificación ND588.N6
Número de ítem A4 2010
082 04 - NÚMERO DE LA CLASIFICACIÓN DECIMAL DEWEY
Número de clasificación 759.3
Cutter N77
Número de edición 22
100 1# - ENTRADA PRINCIPAL--NOMBRE DE PERSONA
Nombre de persona Nolde, Emil,
Fechas asociadas al nombre 1867-1956,
Término indicativo de función/relación autor.
245 10 - MENCIÓN DEL TÍTULO
Título Emil Nolde, Emil Schumacher :
Resto del título verwandte Seelen = kindred spirits /
Mención de responsabilidad, etc. [Herausgeber, Manfred Reuther, Ulrich Schumacher, Alexander Klar].
246 14 - FORMA VARIANTE DEL TITULO
Título propio/Titulo breve Nolde/Schumacher
264 ## - PRODUCCIÓN, PUBLICACIÓN, DISTRIBUCIÓN, FABRICACIÓN Y COPYRIGHT
Producción, publicación, distribución, fabricación y copyright [Berlin] :
Nombre del de productor, editor, distribuidor, fabricante Nolde Stiftung Seebüll ;
Producción, publicación, distribución, fabricación y copyright Hagen :
Nombre del de productor, editor, distribuidor, fabricante Emil Schumacher Museum ;
Producción, publicación, distribución, fabricación y copyright Köln :
Nombre del de productor, editor, distribuidor, fabricante DuMont,
Fecha de producción, publicación, distribución, fabricación o copyright [2010]
300 ## - DESCRIPCIÓN FÍSICA
Extensión 140 páginas :
Otras características físicas ilustraciones ;
Dimensiones 30 centímetros
336 ## - TIPO DE CONTENIDO
Término de tipo de contenido text
Fuente rdacontent
337 ## - TIPO DE MEDIO
Nombre/término del tipo de medio unmediated
Fuente rdamedia
338 ## - TIPO DE SOPORTE
Nombre/término del tipo de soporte volume
Fuente rdacarrier
504 ## - NOTA DE BIBLIOGRAFÍA, ETC.
Nota de bibliografía, etc. Bibliografía : página 140.
526 ## - NOTA DE INFORMACIÓN SOBRE EL PROGRAMA DE ESTUDIO
Nombre del programa Maestría Bim Facility Management (A distancia)
526 ## - NOTA DE INFORMACIÓN SOBRE EL PROGRAMA DE ESTUDIO
Nombre del programa
526 ## - NOTA DE INFORMACIÓN SOBRE EL PROGRAMA DE ESTUDIO
Nombre del programa Educación musical y artes
526 ## - NOTA DE INFORMACIÓN SOBRE EL PROGRAMA DE ESTUDIO
Nombre del programa Educación, especialidad educación física
526 ## - NOTA DE INFORMACIÓN SOBRE EL PROGRAMA DE ESTUDIO
Nombre del programa Arquitectura
541 ## - NOTA DE FUENTE DE ADQUISICIÓN DIRECTA
-- 003-001196;
596 ## -
-- 1
600 10 - PUNTO DE ACCESO ADICIONAL DE MATERIA--NOMBRE DE PERSONA
Nombre de persona Nolde, Emil,
Fechas asociadas al nombre 1867-1956
Subdivisión de forma Exposiciones.
600 10 - PUNTO DE ACCESO ADICIONAL DE MATERIA--NOMBRE DE PERSONA
Nombre de persona Schumacher, Emil,
Fechas asociadas al nombre 1912-1999
Subdivisión de forma Exposiciones.
600 17 - PUNTO DE ACCESO ADICIONAL DE MATERIA--NOMBRE DE PERSONA
Nombre de persona Nolde, Emil,
Fechas asociadas al nombre 1867-1956.
Fuente del encabezamiento o término fast
Número de control del registro de autoridad o número normalizado (OCoLC)fst00046056
600 17 - PUNTO DE ACCESO ADICIONAL DE MATERIA--NOMBRE DE PERSONA
Nombre de persona Schumacher, Emil,
Fechas asociadas al nombre 1912-1999.
Fuente del encabezamiento o término fast
Número de control del registro de autoridad o número normalizado (OCoLC)fst00084014
655 #7 - TERMINO DE INDIZACIÓN--GENERO/FORMA
Datos o término principal de género/forma Catálogos de exposiciones.
Fuente del término fast
Número de control del registro de autoridad o número normalizado (OCoLC)fst01424028
700 1# - ENTRADA AGREGADA--NOMBRE PERSONAL
Nombre de persona Klar, Alexander.
700 1# - ENTRADA AGREGADA--NOMBRE PERSONAL
Nombre de persona Reuther, Manfred,
Fechas asociadas al nombre 1944-
700 1# - ENTRADA AGREGADA--NOMBRE PERSONAL
Nombre de persona Schumacher, Emil,
Fechas asociadas al nombre 1912-1999.
700 1# - ENTRADA AGREGADA--NOMBRE PERSONAL
Nombre de persona Schumacher, Ulrich,
Fechas asociadas al nombre 1941-
710 2# - ENTRADA AGREGADA--NOMBRE DE ENTIDAD CORPORATIVA
Nombre de entidad corporativa o nombre de jurisdicción como elemento de entrada Emil Schumacher Museum.
710 2# - ENTRADA AGREGADA--NOMBRE DE ENTIDAD CORPORATIVA
Nombre de entidad corporativa o nombre de jurisdicción como elemento de entrada Stiftung Seebüll Ada und Emil Nolde.
Unidad subordinada Dependance Berlin.
856 41 - LOCALIZACIÓN Y ACCESO ELECTRÓNICOS
Materiales especificados Tabla de contenido
Identificador Uniforme de Recursos <a href="http://bvbr.bib-bvb.de:8991/F?func=service&doc_library=BVB01&doc_number=021155834&line_number=0001&func_code=DB_RECORDS&service_type=MEDIA">http://bvbr.bib-bvb.de:8991/F?func=service&doc_library=BVB01&doc_number=021155834&line_number=0001&func_code=DB_RECORDS&service_type=MEDIA</a>
910 ## - DATOS DE OPCIÓN DEL USUARIO (OCLC)
Datos de opción del usuario jck
-- ebj
-- ebj
-- 20160628
942 ## - ELEMENTOS DE ENTRADA SECUNDARIOS (KOHA)
Fuente del sistema de clasificación o colocación Clasificación Decimal Dewey
Tipo de ítem Koha
949 ## - PROCESAMIENTO DE INFORMACIÓN LOCAL (OCLC)
a 759.3 N77
w DEWEY
c 1
i 73809
l CATALOGING
m BUL
p 31.05
r 0
s Y
t BOOK
u 28/06/16
x INGENIERIA
-- P06
o .STAFF. Colección General
0 compra
994 ## -
-- C0
-- PEPRU
999 ## - NÚMEROS DE CONTROL DE SISTEMA (KOHA)
-- DEWEY
-- 73809
-- 2021-11-10
-- 7
-- CCODEBUL1
-- BUL
-- 31.05
-- 1
-- 0
-- Y
-- BOOK
-- 2016-6-28
-- INGENIERIA
-- P06
-- COMPRA
-- .STAFF. Colección General
980 ## - EQUIVALENCIA O REFERENCIA-CRUZADA-MENCIÓN DE SERIE--NOMBRE DE PERSONA/TÍTULO [LOCAL, CANADÁ]
ID del último usuario que modificó el registro 1
Nombre del último usuario que modificó el registro ALBERTO SANCHEZ Responsable de Automatización
Existencias
Visto por última vez Número de inventario Total de préstamos Signatura topográfica completa Código de barras Copia número Coste, precio de reemplazo Fecha de reemplazo Facultad Tipo de ítem Koha Nota pública Estado de pérdida Fuente del sistema de clasificación o colocación Restricciones de uso No para préstamo Colección Programa académico Biblioteca de origen Biblioteca actual Ubicación en estantería Fecha de adquisición Fuente de adquisición Coste, precio normal de compra
2025-12-02 8   759.3 N77 73809 e1 36.05 2016-06-28 FIA Libros físicos inventario-2023-12-13 No Perdido Clasificación Decimal Dewey No restringido Disponible para préstamos Colección General Arquitectura Biblioteca CRAI UPeU Lima Biblioteca CRAI UPeU Lima Sala principal 2016-06-28 COMPRA 31.05